Rossija v Aziatsko-Tichookeanskom regione: perspektivy integracii monografija v dvuch knigach
Guardado en:
| Formato: | Libro |
|---|---|
| Lenguaje: | ruso |
| Publicado: |
Vladivostok
Izdateľstvo Daľnevostočnogo federaľnogo universiteta
2011
|
| Colección: | Rossija v Aziatsko-Tichookeanskom regione
|
| Materias: | |
| Etiquetas: |
Sin Etiquetas, Sea el primero en etiquetar este registro!
|
MARC
| LEADER | 00000nam a2200000 4500 | ||
|---|---|---|---|
| 001 | 0176476 | ||
| 005 | 20230113124520.1 | ||
| 020 | |a 978-5-7444-2592-0 | ||
| 041 | 0 | |a rus | |
| 044 | |a RU | ||
| 245 | 1 | 0 | |a Rossija v Aziatsko-Tichookeanskom regione: perspektivy integracii |b monografija v dvuch knigach |
| 264 | 1 | |a Vladivostok |b Izdateľstvo Daľnevostočnogo federaľnogo universiteta |c 2011 | |
| 300 | |a 618 s. | ||
| 490 | 1 | |a Rossija v Aziatsko-Tichookeanskom regione | |
| 830 | 0 | |a Rossija v Aziatsko-Tichookeanskom regione | |
| 610 | 2 | 0 | |a projekty |
| 610 | 2 | 0 | |a integrácia ekonomická medzinárodná |
| 610 | 2 | 0 | |a prognózy |
| 610 | 2 | 0 | |a regióny |
| 610 | 2 | 0 | |a riadenie hospodárske |
| 610 | 2 | 0 | |a politika hospodárska |
| 610 | 2 | 0 | |a výskum |
| 610 | 2 | 0 | |a veda |
| 610 | 2 | 0 | |a obchod |
| 610 | 2 | 0 | |a výroba |
| 610 | 2 | 0 | |a rozvoj sociálno-ekonomický |
| 610 | 2 | 0 | |a rast hospodársky |
| 610 | 2 | 0 | |a Rusko |
| 610 | 2 | 0 | |a Ázia |
| 610 | 2 | 0 | |a Tichomorie |